Verdad y escritura Hölderlin, Poe, Artaud, Bataille, Benjamin, Blanchot
Sparad:
| Huvudupphovsman: | |
|---|---|
| Materialtyp: | Bok |
| Språk: | spanska |
| Publicerad: |
Barcelona
Anthropos
1994
|
| Ämnen: | |
| Taggar: |
Lägg till en tagg
Inga taggar, Lägg till första taggen!
|
MARC
| LEADER | 00000nam a2200000 a 4500 | ||
|---|---|---|---|
| 001 | UCZ7895 | ||
| 003 | CL-VaPUC | ||
| 008 | 960112e19940000SP |||||||||||||||||spa|d | ||
| 082 | 0 | 4 | |a 801 |b ROD |2 21 |
| 100 | |a Rodríguez García, José Luis |e author |9 522794 | ||
| 245 | 1 | 0 | |a Verdad y escritura Hölderlin, Poe, Artaud, Bataille, Benjamin, Blanchot |
| 300 | |a 255 p | ||
| 942 | |c BK | ||
| 945 | |d 19960112 00:00:00 |a mcarcey | ||
| 260 | |a Barcelona |b Anthropos |c 1994 | ||
| 650 | 0 | |a Escritura |9 264941 | |
| 650 | 0 | |a Filosofía |9 223554 | |
| 650 | 0 | |a Literatura |9 259151 | |
| 650 | 7 | |a HISTORIA SIGLOS 19-20 |2 CL-VaPUC |9 315242 | |
| 650 | 0 | |a Cultura |9 269059 | |
| 583 | |a last modification |c 20160830 04:52:27 |k Rodrigo Vera | ||
| 999 | |c 243878 |d 243876 | ||
| 952 | |0 0 |1 0 |4 0 |6 801_000000000000000_ROD_1994 |7 0 |8 A |9 257718 |a BIBART |b BIBART |d 2019-11-19 |i 316358K |o 801 ROD 1994 |p 316358K |r 2025-03-13 |w 2019-11-19 |y BK |k ART | ||